000 00377nam a22001457a 4500
999 _c526819
_d526819
003 NUST
038 _awaseem
082 _a306.44
_bLOT
100 _aLothers, Michael
_917814
245 _aPahari and Pothwari: A sociolinguistic survey /
_cMichael Lothers
260 _aRawalpindi :
_bNeelab Printers,
_c2010.
300 _a256 p. ;
500 _aPapercover.
942 _2ddc
_cBK